La expansión de las empresas transnacionales y la profundización del subdesarrollo La necesidad de construir una alternativa para el desarrollo
Bewaard in:
| Hoofdauteur: | |
|---|---|
| Andere auteurs: | |
| Formaat: | Texto |
| Taal: | Spanish |
| Gepubliceerd in: |
Buenos Aires:
CLACSO
|
| Onderwerpen: | |
| Tags: |
Voeg label toe
Geen labels, Wees de eerste die dit record labelt!
|
MARC
| LEADER | 00000 a a2200000 04500 | ||
|---|---|---|---|
| 001 | 35410 | ||
| 003 | cru IIS | ||
| 005 | 20230320132416.0 | ||
| 008 | 230320b |||||||| |||| 00| 0 spa d | ||
| 020 | |a 978-987-1183-65-4 | ||
| 040 | |c CRAI IIS | ||
| 090 | |a 0001 R425r | ||
| 100 | 1 | |a Vidal, Gregorio |9 253 | |
| 245 | |a La expansión de las empresas transnacionales y la profundización del subdesarrollo |b La necesidad de construir una alternativa para el desarrollo |c Gregorio Vidal | ||
| 260 | |a Buenos Aires: |b CLACSO | ||
| 300 | |a 65-82 p. | ||
| 650 | |a DISTRIBUCION DEL INGRESO | ||
| 650 | |a DESARROLLO INDUSTRIAL | ||
| 650 | |a INDUSTRIALIZACION | ||
| 650 | |a POLITICA ECONOMICA | ||
| 650 | |a HISTORIA ECONOMICA | ||
| 650 | |a ESTADO | ||
| 650 | |a BRASIL | ||
| 700 | |a coord. |a Guillén R. Arturo |a coord. | ||
| 942 | |2 ddc |c LI | ||
| 999 | |c 15890 |d 15890 | ||
| 773 | 0 | |0 10211 |9 8453 |a Vidal, Gregorio |d Buenos Aires: CLACSO |o 03010 |t Repensar la teoría del desarrollo de un contexto de globalización: homenaje a Celso Furtado / |w ()35411 |z 978-987-1183-65-4 | |



